书目信息 |
| 题名: |
今日说法故事精选
|
|
| 作者: | 王新中 , 何淑文 主编 ;中央电视台 编 | |
| 分册: | 2 | |
| 出版信息: | 北京 中国人民公安大学出版社 2006 |
|
| 页数: | 211页 | |
| 开本: | 21cm | |
| 丛书名: | ||
| 单 册: | ||
| 中图分类: | D920.5 , I235.2 | |
| 科图分类: | ||
| 主题词: | 电视节目--解说词--中国--现代--选集 , 案例--分析--中国--现代 , 解说词 , 案例 , 电视节目 | |
| 电子资源: | ||
| ISBN: | 7-81109-338-3 | |
| 000 | 01039nam0 2200313 450 | |
| 001 | 070730000684 | |
| 005 | 20071016094747.04 | |
| 010 | @a7-81109-338-3@dCNY16.00 | |
| 035 | @a003217484 | |
| 100 | @a20060104d2006 em y0chiy0110 ea | |
| 101 | 0 | @achi |
| 102 | @aCN@b110000 | |
| 105 | @aa z 000yy | |
| 200 | 1 | @a今日说法故事精选@Ajin ri shuo fa gu shi jing xuan@e2006年版@h2@f王新中,何淑文主编@g中央电视台《今日说法》栏目组编 |
| 210 | @a北京@c中国人民公安大学出版社@d2006 | |
| 215 | @a211页@c照片@d21cm | |
| 330 | @a本书内含36篇《今日说法》中的故事,即《凯丽打官司》、《谁之过》、《怪病》、《疯狂的六合彩》、《求证》等。 | |
| 606 | 0 | @a电视节目@x解说词@y中国@z现代@j选集 |
| 606 | 0 | @a案例@x分析@y中国@z现代 |
| 606 | 0 | @a解说词 |
| 606 | 0 | @a案例 |
| 606 | 0 | @a电视节目 |
| 690 | @aD920.5@v4 | |
| 690 | @aI235.2@v4 | |
| 701 | 0 | @a王新中@Awang xin zhong@4主编 |
| 701 | 0 | @a何淑文@Aqian wei@4主编 |
| 712 | 02 | @a中央电视台@Azhong yang dian shi tai@b今日说法栏目组@4编 |
| 801 | 0 | @aCN@c20071016 |
| 905 | @dI235.2@eW390 | |
| 今日说法故事精选:2006年版.2/王新中,何淑文主编/中央电视台《今日说法》栏目组编.-北京:中国人民公安大学出版社,2006 |
| 211页:照片;21cm |
| ISBN 7-81109-338-3:CNY16.00 |
| 本书内含36篇《今日说法》中的故事,即《凯丽打官司》、《谁之过》、《怪病》、《疯狂的六合彩》、《求证》等。 |
| ● |
| 相关链接 |
|
|
|
正题名:今日说法故事精选
索取号:I235.2/W390
 
预约/预借
| 序号 | 登录号 | 条形码 | 馆藏地/架位号 | 状态 | 备注 |
| 1 | 651679 | 206516796 | 文学库108/108文学库 20排1列3层/ [索取号:I235.2/W390] | 在馆 | |
| 2 | 651680 | 206516803 | 社科二线400B/400B社科库 13排3列3层/ [索取号:I235.2/W390] | 在馆 | |
| 3 | 651681 | 206516812 | 文学库108/108文学库 20排2列4层/ [索取号:I235.2/W390] | 在馆 |